Statystyki dla 10 Największych Miast Województwa Opolskiego

Kliknij tutaj aby rozwiązać quiz!

Ogólne statystyki

  • Ten quiz został rozwiązany 1 246 razy
  • Średni wynik to 7 z 10

Statystyki odpowiedzi

Lp.Liczba LudnościMiasto% Poprawnych
1.128,142Opole
100%
3.44,345Nysa
84%
2.61,949Kędzierzyn-Koźle
83%
4.36,208Brzeg
75%
5.23,920Kluczbork
70%
7.18,135Strzelce Opolskie
61%
9.16,288Namysłów
59%
6.21,287Prudnik
57%
8.16,576Krapkowice
56%
10.13,719Głuchołazy
38%

Rozkład punktacji

Percentyl według liczby udzielonych odpowiedzi

Procent ludzi z każdym wynikiem

Twoja historia wyników

Nie rozwiązałeś tego quizu